000 00471nam a2200181Ia 4500
001 16919
005 20260306170346.0
008 260306t2012||||xx |||||||||||||| ||und||
041 _aESP
082 _a657.3
_bI59 2012
100 _aInstituto Mexicano de Contadores Públicos
_eAUT
245 0 _aPrincipales diferencias U.S. GAAP - IFRS - NIF
260 _c2012
300 _a301 páginas :
_c22 cm.
650 _aGEN
654 _aCCO
942 _cLIB
_dJUS
_fJUS
_2ddc
_n
999 _c16919
_d16919